| 000 | 00805nam a22002297a 4500 | ||
|---|---|---|---|
| 005 | 20120522154358.0 | ||
| 008 | 120522t xxu||||| |||| 00| 0 eng d | ||
| 010 | _aENG-105391 | ||
| 020 |
_a9789381840108 _c795.00 |
||
| 035 | _aEN-88924 | ||
| 037 | _bDBAD/PUB | ||
| 040 |
_aDPL _bEng |
||
| 082 | _a070.41 | ||
| 100 |
_aDibyanshu Kumar _947698 |
||
| 245 |
_aArt of editing / _cby Dibyanshu Kumar |
||
| 260 |
_aDelhi _bR.K. Publishers & Distributors _c2012 |
||
| 270 |
_aL-45, Gali No. 5, Shivaji Marg, Kartar Nagar _bDelhi _e110053 |
||
| 300 |
_aviii,264p. _c23cm(Hb) |
||
| 500 | _aIncludes index | ||
| 942 |
_2ddc _cEN _h070.41 _mDIB |
||
| 999 |
_c67050 _d67050 |
||